000 00302nam a22001217a 4500
008 230524b |||||||| |||| 00| 0 eng d
082 _a915.445 MADDIS
100 _aMADHYA PRADESH
245 _aDISCOVERING MADHYA PRADESH
260 _aMP
_bIncredible India
_c2011
300 _a374p.
942 _2ddc
_cBK
999 _c2904
_d2904